000 00297nam a22001337a 4500
008 170213b xxu||||| |||| 00| 0 eng d
020 _a9781416036746
041 _aeng
080 _27TH
_a61
100 _a4
101 _aSHM
245 _aTHE LANGUAGE OF MEDICINE
_cCHABNER, D.E
942 _2udc
_cBK
999 _c5294
_d5294